MAASAI MARA UNIVERSITY

LIBRARY CATALOGUE

Contact Us: +254 020 2685356/7 or 0774 057787

Box: 861-20500, NAROK, KENYA

Email: info@mmarau.ac.ke

Growth through groups/ (Record no. 17915)

MARC details
000 -LEADER
fixed length control field 00735nam a22002537a 4500
001 - CONTROL NUMBER
control field 1734807
003 - CONTROL NUMBER IDENTIFIER
control field OSt
005 - DATE AND TIME OF LATEST TRANSACTION
control field 20200212122718.0
008 - FIXED-LENGTH DATA ELEMENTS--GENERAL INFORMATION
fixed length control field 160704b xxu||||| |||| 00| 0 eng d
010 ## - LIBRARY OF CONGRESS CONTROL NUMBER
LC control number 74077359
020 ## - INTERNATIONAL STANDARD BOOK NUMBER
International Standard Book Number 0805455469
040 ## - CATALOGING SOURCE
Original cataloging agency MMU
Transcribing agency MMU
Modifying agency MMU
Language of cataloging eng
050 00 - LIBRARY OF CONGRESS CALL NUMBER
Classification number BV652.2 .C55 1974
082 00 - DEWEY DECIMAL CLASSIFICATION NUMBER
Classification number 259
100 1# - MAIN ENTRY--PERSONAL NAME
Personal name Clemmons, William P.,
Dates associated with a name 1932-
245 10 - TITLE STATEMENT
Title Growth through groups/
Statement of responsibility, etc. William Clemmons and Harvey Hester.
260 ## - PUBLICATION, DISTRIBUTION, ETC. (IMPRINT)
Place of publication, distribution, etc. Nashville:
Name of publisher, distributor, etc. Broadman Press,
Date of publication, distribution, etc. 1974.
300 ## - PHYSICAL DESCRIPTION
Extent 160 p.
Dimensions 21 cm.
504 ## - BIBLIOGRAPHY, ETC. NOTE
Bibliography, etc Bibliography: p. 158-160.
650 #0 - SUBJECT ADDED ENTRY--TOPICAL TERM
Topical term or geographic name as entry element Church group work.
700 1# - ADDED ENTRY--PERSONAL NAME
Personal name Hester, Harvey,
Relator term joint author.
906 ## - LOCAL DATA ELEMENT F, LDF (RLIN)
a 7
b cbc
c orignew
d 2
e opcn
f 19
g y-gencatlg
942 ## - ADDED ENTRY ELEMENTS (KOHA)
Source of classification or shelving scheme Library of Congress Classification
Koha item type L
Holdings
Withdrawn status Lost status Source of classification or shelving scheme Damaged status Not for loan Home library Current library Date acquired Source of acquisition Total Checkouts Full call number Barcode Date last seen Price effective from Koha item type
    Library of Congress Classification     Maasai Mara University Library -Main Campus Maasai Mara University Library -Main Campus 07/04/2016 Donation   BV652.2 .C55 1974 201516583 07/04/2016 07/04/2016 L
© 2016 Maasai Mara University.